Dealing with disrepair : a guide to inspection and diagnosis. (Record no. 88964)

MARC details
000 -LEADER
fixed length control field 00797cam a2200253 4500
008 - FIXED-LENGTH DATA ELEMENTS--GENERAL INFORMATION
fixed length control field 090401t1996 xxu||||| |||| 00| 0 eng d
020 ## - INTERNATIONAL STANDARD BOOK NUMBER
International Standard Book Number 1898001065
035 ## - SYSTEM CONTROL NUMBER
System control number (Sirsi) u26671
041 ## - LANGUAGE CODE
Language code of text/sound track or separate title eng
050 ## - LIBRARY OF CONGRESS CALL NUMBER
Classification number 690.24
100 ## - MAIN ENTRY--PERSONAL NAME
Personal name Reddin, Patrick
245 ## - TITLE STATEMENT
Title Dealing with disrepair : a guide to inspection and diagnosis.
260 ## - PUBLICATION, DISTRIBUTION, ETC.
Place of publication, distribution, etc. London
Name of publisher, distributor, etc. Lemos & Crane
Date of publication, distribution, etc. 1996
300 ## - PHYSICAL DESCRIPTION
Extent xviii,214p. ; 21cm.
350 ## - PRICE (NR) (BK AM CF MU VM SE) [OBSOLETE]
Price 16.95
490 ## - SERIES STATEMENT
Series statement Arden`s Housing Library
Volume/sequential designation 6
520 ## - SUMMARY, ETC.
Summary, etc. A simple guide to housing disrepair, providing a step by step guide to recording and diagnosing disrepair.
650 ## - SUBJECT ADDED ENTRY--TOPICAL TERM
Topical term or geographic name entry element BUILT ENVIRONMENT-BUILDING INSPECTION
650 ## - SUBJECT ADDED ENTRY--TOPICAL TERM
Topical term or geographic name entry element BUILT ENVIRONMENT-BUILDING MATERIALS
650 ## - SUBJECT ADDED ENTRY--TOPICAL TERM
Topical term or geographic name entry element REPAIRS
690 ## - LOCAL SUBJECT ADDED ENTRY--TOPICAL TERM (OCLC, RLIN)
Topical term or geographic name as entry element BUILT ENVIRONMENT
942 ## - ADDED ENTRY ELEMENTS (KOHA)
Suppress in OPAC 0
948 ## - LOCAL PROCESSING INFORMATION (OCLC); SERIES PART DESIGNATOR (RLIN)
c (OCLC) 04/03/1997
Holdings
Withdrawn status Lost status Source of classification or shelving scheme Damaged status Not for loan Home library Current library Shelving location Date acquired Cost, normal purchase price Total Checkouts Full call number Barcode Date last seen Date last checked out Copy number Cost, replacement price Price effective from Koha item type
    Dewey Decimal Classification     London London Basement 05/11/1996 14.40 27 BASEMENT 61 30050642 06/08/2019 22/06/2007 1 14.40 06/08/2019 Book